Ingresos y bienes en la vejez, un acercamiento a la configuración de la seguridad económica de los adultos mayores mexiquenses /

El propósito del artículo es establecer la conformación de la seguridad económica de la población adulta mayor mexiquense con base en las fuentes de ingreso y bienes a las que tienen acceso. Los resultados de la encuesta ESEDEM 2008 comprueban la hipótesis de que la seguridad económica está fuerteme...

Descrizione completa

Salvato in:
Dettagli Bibliografici
Autore principale: Madrigal-Martínez, Mariana
Natura: testo
Soggetti:
Tags: Aggiungi Tag
Nessun Tag, puoi essere il primo ad aggiungerne!!

MARC

LEADER 00000 a a2200000 04500
001 40819
003
040
100 |a Madrigal-Martínez, Mariana  
245 |a Ingresos y bienes en la vejez, un acercamiento a la configuración de la seguridad económica de los adultos mayores mexiquenses /  |c Mariana Madrigal-Martínez  
500 |a mariana_madrigal@yahoo.com  
520 |a El propósito del artículo es establecer la conformación de la seguridad económica de la población adulta mayor mexiquense con base en las fuentes de ingreso y bienes a las que tienen acceso. Los resultados de la encuesta ESEDEM 2008 comprueban la hipótesis de que la seguridad económica está fuertemente relacionada con el perfil socio demográfico del adulto mayor y muestra serias desventajas para los grupos que presentan características asociadas con mayores niveles de exclusión.  
590 |a RRA/FEBRERO2012  
650 |a 1.ADULTEZ MAYOR  
650 |a 2.ENVEJECIMIENTO DE LA POBLACION  
650 |a 3.JUBILACION  
650 |a 4.INGRESO  
650 |a 5.CONDICIONES DE VIDA  
650 |a 6.MEXICO  
773 |g volumen16, número63 ( , 2010), páginas 117-153 : tablas, gráficos  
999 |c 30670  |d 30670